000 00361cam a2200145ua 4500
041 _ahin
_h
082 _a891.54
_bBHA/PA
100 _aCharan Varma, Bhagvati .
245 _aPatan /
_cBhagvati Charan Varma.
_hTextual Documents
260 _a :
_bGanga Pustakamala Karyalay ,
_c1961.
300 _a235 ; .
504 _a
942 _cBK
999 _c6471
_d6471